书目信息 |
| 题名: |
开胃爽口凉拌菜
|
|
| 作者: | 张慧琪 编著 | |
| 分册: | ||
| 出版信息: | 石家庄 河北科学技术出版社 2015.11 |
|
| 页数: | 152页 | |
| 开本: | 26cm | |
| 丛书名: | ||
| 单 册: | ||
| 中图分类: | TS972.121 | |
| 科图分类: | ||
| 主题词: | 饮食业--供应技术 | |
| 电子资源: | ||
| ISBN: | 978-7-5375-8142-4 | |
| 000 | 00587nam0 2200193 450 | |
| 001 | 257 | |
| 005 | 20160906084138.39 | |
| 010 | @a978-7-5375-8142-4@dCNY32.80 | |
| 100 | @a20160721d2015 km y0chiy0120 ea | |
| 101 | 0 | @achi |
| 102 | @aCN@b130000 | |
| 200 | 1 | @a开胃爽口凉拌菜@Akai wei shuang kou liang ban cai@f张慧琪编著@Fzhang hui qi bian zhu |
| 210 | @a石家庄@c河北科学技术出版社@d2015.11 | |
| 215 | @a152页@d26cm | |
| 606 | 0 | @a饮食业@x供应技术 |
| 690 | @aTS972.121@v4 | |
| 701 | 0 | @a张慧琪@Azhang hui qi@4编著 |
| 801 | 0 | @aCN@b唐山师范学院图书馆@c20160721 |
| 905 | @aZUCC@dTS972.121@e386 | |
| 开胃爽口凉拌菜/张慧琪编著.-石家庄:河北科学技术出版社,2015.11 |
| 152页;26cm |
| ISBN 978-7-5375-8142-4:CNY32.80 |
| ● |
| 相关链接 |
|
|
|
|
正题名:开胃爽口凉拌菜
索取号:TS972.121/386
 
预约/预借
| 序号 | 登录号 | 条形码 | 馆藏地/架位号 | 状态 | 备注 |
| 1 | 901114 | 209011148 | 第二样本阅览室/ [索取号:TS972.121/386] | 在馆 | |
| 2 | 901115 | 209011157 | 第三借阅区/ [索取号:TS972.121/386] | 在馆 | |
| 3 | 901116 | 209011166 | 第三借阅区/ [索取号:TS972.121/386] | 在馆 | |
| 4 | 901117 | 209011175 | 第三借阅区/ [索取号:TS972.121/386] | 在馆 | |
| 5 | 901118 | 209011184 | 第三借阅区/ [索取号:TS972.121/386] | 在馆 |